Di truyền học

Cơ sở hóa học và cấu trúc di truyền học; Tầm quan trọng về sinh học của sinh sản hữu tích; Các quy luật truyền lại những đặc điểm di truyền và cách tổ chức của chất liệu di truyền.

Сохранить в:
Библиографические подробности
Главный автор: Phạm, Thành Hổ
Формат:
Язык:Undetermined
Опубликовано: Hà Nội Giáo dục 2006
Предметы:
Метки: Добавить метку
Нет меток, Требуется 1-ая метка записи!
Thư viện lưu trữ: Trung tâm Học liệu Trường Đại học Cần Thơ
LEADER 00861nam a2200205Ia 4500
001 CTU_112833
008 210402s9999 xx 000 0 und d
020 |c 55000 
082 |a 576.5 
082 |b H450 
100 |a Phạm, Thành Hổ 
245 0 |a Di truyền học 
245 0 |c Phạm Thành Hổ 
260 |a Hà Nội 
260 |b Giáo dục 
260 |c 2006 
520 |a Cơ sở hóa học và cấu trúc di truyền học; Tầm quan trọng về sinh học của sinh sản hữu tích; Các quy luật truyền lại những đặc điểm di truyền và cách tổ chức của chất liệu di truyền. 
650 |a Genetics 
904 |i Hiếu, Mai chuyển số PL từ 575.1 thành 576.5 chưa in nhãn 
980 |a Trung tâm Học liệu Trường Đại học Cần Thơ